KOHA-Header-6

Applied Numerical Methods For Digital Computation (Record no. 6642)

000 -LEADER
fixed length control field 00286nam a2200109Ia 4500
100 ## - MAIN ENTRY--AUTHOR NAME
Personal name James, Smith
245 #0 - TITLE STATEMENT
Title Applied Numerical Methods For Digital Computation
260 ## - PUBLICATION, DISTRIBUTION, ETC. (IMPRINT)
Place of publication New York
Name of publisher Mc Graw Hill
Year of publication 1993
300 ## - PHYSICAL DESCRIPTION
Number of Pages 709
942 ## - ADDED ENTRY ELEMENTS (KOHA)
Koha item type Books
Holdings
Withdrawn status Lost status Collection code Permanent Location Current Location Shelving location Date acquired Full call number Accession Number Koha item type
    Computer Languages MAJU MAJU Shelf No.A18 2019-09-11 004.15 31 Computer Languages

Powered by Koha